header

Spectrum management for science in the 21st century (Record no. 205831)

MARC details
000 -LEADER
fixed length control field 01499nam a2200301 a 4500
245 00 - TITLE STATEMENT
Title Spectrum management for science in the 21st century
260 ## - PUBLICATION, DISTRIBUTION, ETC. (IMPRINT)
Place of publication Washington, D.C. :
Name of publisher National Academies Press,
Year of publication 2010.
300 ## - PHYSICAL DESCRIPTION
Number of Pages xviii, 230 p. :
Other physical details ill. (some col.)
650 #0 - SUBJECT ADDED ENTRY--TOPICAL TERM
Topical Term Radio frequency allocation
Topical Term Radio frequency allocation
856 40 - ELECTRONIC LOCATION AND ACCESS
Uniform Resource Identifier http://site.ebrary.com/lib/rucke/Doc?id=10379901

No items available.

© 2026 Rongo University
Contact us: librarian | system librarian | Rongo university